Le seul Pays qui confine avec... - Statistiques

Statistiques générales
  • Ce quiz a été pris 38 fois
  • Le résultat moyen est 12 sur 15
Statistiques - réponses
Pays frontaliers Pays % Correct
Canada ; Mexique États-Unis
100%
Norvège ; Corée du Nord Russie
92%
Mexique ; Honduras Guatemala
89%
Somalie ; Soudan Éthiopie
86%
Laos ; Mongolie Chine
83%
Malaisie ; Timor-Leste Indonésie
83%
Guinée ; Algérie Mali
83%
Colombie ; Chili Pérou
83%
Bulgarie ; Croatie Serbie
81%
Botswana ; République démocratique du Congo Zambie
81%
Nicaragua ; Panama Costa Rica
78%
Myanmar ; Népal Inde
78%
Turquie ; Pakistan Iran
78%
Slovénie ; Ukraine Hongrie
72%
Gabon ; Nigeria Cameroun
64%
Aucun quiz correspondant
Distribution des résultats
% des personnes avec chaque résultat
Percentile par nombre de réponses
Votre historique - résultats
Vous n’avez pas pris ce quiz